<?xml version="1.0" encoding="UTF-8"?>
<collection xmlns="http://www.loc.gov/MARC21/slim">
 <record>
  <leader>00648pamaa2200217   4500</leader>
  <controlfield tag="001">0000041582</controlfield>
  <controlfield tag="005">20130314090000.0</controlfield>
  <controlfield tag="008">070314                             eng  </controlfield>
  <datafield tag="020" ind1="0" ind2="0">
   <subfield code="a">0534496059 (pbk.) </subfield>
  </datafield>
  <datafield tag="090" ind1="0" ind2="0">
   <subfield code="a">QC21.2 </subfield>
   <subfield code="b">SER 2006</subfield>
  </datafield>
  <datafield tag="100" ind1="1" ind2="0">
   <subfield code="a">Serway </subfield>
  </datafield>
  <datafield tag="245" ind1="1" ind2="0">
   <subfield code="a">Serway's principles of physics : </subfield>
   <subfield code="b">a calculus-based text  </subfield>
   <subfield code="c">Raymond A. Serway and John W. Jewett, Jr.</subfield>
  </datafield>
  <datafield tag="250" ind1="0" ind2="0">
   <subfield code="a">4th ed.</subfield>
  </datafield>
  <datafield tag="260" ind1="0" ind2="0">
   <subfield code="a">Belmont, CA: </subfield>
   <subfield code="b">Thomson/Brooks/Cole, </subfield>
   <subfield code="c">2006.</subfield>
  </datafield>
  <datafield tag="300" ind1=" " ind2=" ">
   <subfield code="a">xxx, 1088p: </subfield>
   <subfield code="b">ill; </subfield>
   <subfield code="c">28 cm.</subfield>
  </datafield>
  <datafield tag="501" ind1="0" ind2="0">
   <subfield code="a">AUP</subfield>
  </datafield>
  <datafield tag="501" ind1="0" ind2="0">
   <subfield code="a">DQS</subfield>
  </datafield>
  <datafield tag="504" ind1="0" ind2="0">
   <subfield code="a">Includes index</subfield>
  </datafield>
  <datafield tag="650" ind1="0" ind2="0">
   <subfield code="a">Physics </subfield>
  </datafield>
  <datafield tag="700" ind1="1" ind2="1">
   <subfield code="a">Jewett, </subfield>
   <subfield code="h">John W. </subfield>
  </datafield>
  <datafield tag="901" ind1=" " ind2=" ">
   <subfield code="u">http://www.thomsonlearning.com</subfield>
  </datafield>
 </record>
</collection>
